[Event "Barbera op "]
[Site "?"]
[Date "2012.07.08"]
[Round "5"]
[White "Navarro Lopez-Menchero, D."]
[Black "Aloma Vidal, R."]
[Result "1/2-1/2"]
[WhiteElo "2230"]
[BlackElo "2400"]
[PlyCount "136"]
[EventDate "2012.??.??"]
[EventType "swiss"]
[EventRounds "9"]

1. e4 d5 2. exd5 Qxd5 3. Nc3 Qa5 4. d4 Nf6 5. Bd2 Bg4 6. Nf3 e6 7. h3 Bh5 8.
Bc4 Bb4 9. a3 Bxc3 10. Bxc3 Qb6 11. Qe2 Bxf3 12. Qxf3 Qc6 13. Qxc6+ Nxc6 14.
O-O-O O-O-O 15. b4 Ne4 16. Be1 Rxd4 17. Rxd4 Nxd4 18. Bd3 Nf6 19. Bc3 Nc6 20.
g4 Ne7 21. Bd4 a6 22. c4 Ng6 23. Kc2 Nf4 24. g5 Ne8 25. Bf1 h6 26. gxh6 Rxh6
27. c5 Rh4 28. c6 b5 29. Bc5 Nd6 30. a4 Nd5 31. axb5 axb5 32. Kb3 Ne4 33. Be3
Nxe3 34. fxe3 Ng3 35. Rg1 Nxf1 36. Rxf1 f6 37. Ra1 Kb8 38. Ra5 Rxh3 39. Rxb5+
Kc8 40. Ra5 Rxe3+ 41. Ka4 Kd8 42. Ra8+ Ke7 43. Kb5 g5 44. Rc8 Re5+ 45. Ka6 Kd6
46. b5 Re3 47. Rd8+ Kc5 48. Rd7 Ra3+ 49. Kb7 Kxb5 50. Kxc7 Kc5 51. Rd1 e5 52.
Kd7 e4 53. c7 Ra7 54. Rc1+ Kd5 55. Ke7 Ke5 56. Rc5+ Kf4 57. Kxf6 Ra6+ 58. Kg7
Ra8 59. c8=Q Rxc8 60. Rxc8 e3 61. Kh6 g4 62. Rf8+ Ke4 63. Re8+ Kf3 64. Rf8+ Kg2
65. Re8 Kf2 66. Rf8+ Kg2 67. Re8 Kf2 68. Rf8+ Kg2 1/2-1/2

[Event "Barbera op "]
[Site "?"]
[Date "2012.07.08"]
[Round "5"]
[White "Palit, S."]
[Black "Moreno Ruiz, J."]
[Result "1-0"]
[WhiteElo "2393"]
[BlackElo "2504"]
[PlyCount "57"]
[EventDate "2012.??.??"]
[EventType "swiss"]
[EventRounds "9"]

1. d4 Nf6 2. Nc3 d5 3. Bg5 Nbd7 4. Qd3 h6 5. Bh4 e6 6. e4 dxe4 7. Nxe4 Be7 8.
Nxf6+ Bxf6 9. Bxf6 Nxf6 10. O-O-O O-O 11. Nf3 c5 12. dxc5 Qa5 13. Qb5 Qxa2 14.
Bc4 Qa1+ 15. Kd2 Qa6 16. Qxa6 bxa6 17. c6 Rb8 18. Kc1 Ng4 19. Rd4 f5 20. Re1
Rb6 21. Bxe6+ Bxe6 22. Rxe6 Rc8 23. Rdd6 Nxf2 24. Nd4 Ne4 25. Rd7 Nc5 26. Ree7
Nxd7 27. cxd7 Rf8 28. Re8 Rd6 29. Ne6 1-0

[Event "Barbera op "]
[Site "?"]
[Date "2012.07.08"]
[Round "5"]
[White "Perez Mañas, B."]
[Black "Bergez, L."]
[Result "1-0"]
[WhiteElo "2250"]
[BlackElo "2420"]
[PlyCount "99"]
[EventDate "2012.??.??"]
[EventType "swiss"]
[EventRounds "9"]

1. e4 g6 2. d4 Nf6 3. e5 Nh5 4. Bc4 d6 5. Nf3 dxe5 6. Nxe5 e6 7. O-O Bg7 8. Nf3
O-O 9. c3 b6 10. Bg5 Qd6 11. Na3 Bb7 12. Re1 h6 13. Be3 a6 14. Bf1 Nd7 15. Nc4
Qe7 16. Nfe5 Rfd8 17. Qc1 Kh7 18. Ng4 Qf8 19. f4 b5 20. Na5 Bd5 21. a4 c5 22.
Ne5 cxd4 23. Bxd4 Nc5 24. Qe3 Nxa4 25. c4 Qb4 26. Bc3 Nxc3 27. bxc3 Qf8 28.
cxd5 Rxd5 29. g3 Rc8 30. Bg2 Bxe5 31. Bxd5 Bxc3 32. Bb7 Bxe1 33. Rxe1 Rc2 34.
Rc1 Ra2 35. Nc6 Ng7 36. Ne5 Nf5 37. Qb3 Rd2 38. Rc7 Qd8 39. Rxf7+ Kg8 40. Qb4
Rd1+ 41. Kg2 Qd2+ 42. Qxd2 Rxd2+ 43. Kh3 a5 44. Rc7 a4 45. Bc8 Nd4 46. Ra7 Ra2
47. Bd7 Ra1 48. Be8 a3 49. Bxg6 b4 50. Ng4 1-0

[Event "Barbera op "]
[Site "?"]
[Date "2012.07.08"]
[Round "5"]
[White "Perez Mitjans, O."]
[Black "Vehi Bach, VM."]
[Result "1-0"]
[WhiteElo "2504"]
[BlackElo "2362"]
[PlyCount "71"]
[EventDate "2012.??.??"]
[EventType "swiss"]
[EventRounds "9"]

1. e4 c5 2. Nf3 e6 3. d3 Nc6 4. g3 d5 5. Nbd2 Nf6 6. Bg2 Be7 7. O-O O-O 8. c3
b5 9. e5 Nd7 10. Re1 a5 11. Nf1 Ba6 12. h4 b4 13. N1h2 a4 14. a3 bxc3 15. bxc3
Qa5 16. Bd2 Qc7 17. Bf4 Rab8 18. Ng5 Rb3 19. c4 Nd4 20. Qh5 Bxg5 21. hxg5 dxc4
22. Be4 g6 23. Qh6 Nf5 24. Qh3 cxd3 25. Ng4 d2 26. Red1 h5 27. gxh6 Kh7 28.
Rxd2 Nd4 29. Qh4 Bb7 30. Nf6+ Nxf6 31. Qxf6 Rg8 32. Rc1 Bxe4 33. Rxd4 Ba8 34.
Rxa4 Bd5 35. Bg5 Rb7 36. Ra8 1-0

[Event "Barbera op "]
[Site "?"]
[Date "2012.07.08"]
[Round "5"]
[White "Perpinya Rofes, LM."]
[Black "Silva Rodriguez, J."]
[Result "1-0"]
[WhiteElo "2401"]
[BlackElo "2168"]
[PlyCount "59"]
[EventDate "2012.??.??"]
[EventType "swiss"]
[EventRounds "9"]

1. e4 e6 2. d4 d5 3. Nc3 Bb4 4. exd5 exd5 5. Bd3 Nf6 6. Qf3 O-O 7. Bg5 Bxc3+ 8.
bxc3 Qe8+ 9. Kf1 Ne4 10. h4 Qc6 11. c4 f5 12. cxd5 Qxd5 13. Ne2 b5 14. Qf4 Bb7
15. f3 Nc6 16. c3 Rae8 17. Bc2 Na5 18. Qxc7 Nc4 19. fxe4 Rxe4 20. Bxe4 Qxe4 21.
Qg3 f4 22. Bxf4 Ne3+ 23. Ke1 Nc2+ 24. Kd2 Nxa1 25. Rxa1 b4 26. Be5 g6 27. c4
Ba6 28. Qe3 Qc6 29. Rc1 Qa4 30. Qb3 1-0

[Event "Barbera op "]
[Site "?"]
[Date "2012.07.08"]
[Round "5"]
[White "Remolar Gallen, J."]
[Black "Mamedjarova, Z."]
[Result "1-0"]
[WhiteElo "2121"]
[BlackElo "2307"]
[PlyCount "69"]
[EventDate "2012.??.??"]
[EventType "swiss"]
[EventRounds "9"]

1. e4 e5 2. Nf3 Nc6 3. Bc4 Nf6 4. O-O Bc5 5. c3 Bb6 6. d4 d6 7. h3 O-O 8. Re1
h6 9. Bb3 a6 10. Qd3 Nh5 11. Na3 Qf6 12. Nc4 Ba7 13. d5 Ne7 14. Bd1 Ng6 15. Be3
Nhf4 16. Qf1 b5 17. Ncd2 Bd7 18. Nh2 Nh4 19. Bg4 Bxg4 20. Nxg4 Qg6 21. Bxf4
exf4 22. Nh2 Rae8 23. Kh1 f5 24. Nhf3 Nxf3 25. gxf3 fxe4 26. Nxe4 Qh5 27. Qg2
Qxd5 28. Nf6+ Rxf6 29. Rxe8+ Kf7 30. Rae1 Be3 31. Re4 Rg6 32. Qf1 Qh5 33. fxe3
Rg3 34. Rxf4+ Kg8 35. Kh2 1-0

[Event "Barbera op "]
[Site "?"]
[Date "2012.07.08"]
[Round "5"]
[White "Ruiz Sanchez, O."]
[Black "Arjun, B."]
[Result "1-0"]
[WhiteElo "2416"]
[BlackElo "2250"]
[PlyCount "35"]
[EventDate "2012.??.??"]
[EventType "swiss"]
[EventRounds "9"]

1. e4 c6 2. d4 d5 3. e5 c5 4. Nf3 Nc6 5. c4 Bg4 6. cxd5 Bxf3 7. Qxf3 Nxd4 8.
Qd1 Qxd5 9. Bb5+ Kd8 10. O-O e6 11. Nc3 Qxe5 12. b4 a6 13. Re1 Qc7 14. bxc5
Bxc5 15. Be3 e5 16. Bxd4 Bxd4 17. Qxd4+ Kc8 18. Rxe5 1-0

[Event "Barbera op "]
[Site "?"]
[Date "2012.07.08"]
[Round "5"]
[White "Sanchez Dengra, JM."]
[Black "Vigoa Apecheche, Y."]
[Result "0-1"]
[WhiteElo "2002"]
[BlackElo "2269"]
[PlyCount "88"]
[EventDate "2012.??.??"]
[EventType "swiss"]
[EventRounds "9"]

1. e4 c5 2. Nf3 Nc6 3. d4 cxd4 4. Nxd4 Nf6 5. Nc3 e5 6. Ndb5 d6 7. Bg5 a6 8.
Na3 Be6 9. Nc4 Rc8 10. Bxf6 gxf6 11. Ne3 Bh6 12. Bd3 Bxe3 13. fxe3 Qb6 14. Qc1
h5 15. O-O Rh6 16. a3 h4 17. Qd2 h3 18. g3 Ne7 19. Rad1 Kf8 20. Kh1 Kg7 21. Qc1
Qc6 22. Rf2 b5 23. Rdf1 Rd8 24. Kg1 Bc8 25. Qd1 Be6 26. Qd2 Qa8 27. Qe2 Qc8 28.
Qe1 Qc5 29. Qe2 Rdh8 30. Qe1 Rb8 31. Rf3 a5 32. Qf2 Ng8 33. a4 b4 34. Nb5 Rg6
35. Qd2 Nh6 36. b3 Rd8 37. Qc1 Ng4 38. Rd1 Qc6 39. Re1 f5 40. Rff1 Nf6 41. Qd2
Nxe4 42. Bxe4 Qxe4 43. Rd1 Bc8 44. Qd3 Qg2# 0-1

[Event "Barbera op "]
[Site "?"]
[Date "2012.07.08"]
[Round "5"]
[White "Sequera Paolini, J."]
[Black "Dukaczewski, P."]
[Result "1/2-1/2"]
[WhiteElo "2407"]
[BlackElo "2249"]
[PlyCount "122"]
[EventDate "2012.??.??"]
[EventType "swiss"]
[EventRounds "9"]

1. f4 d5 2. Nf3 Nf6 3. e3 g6 4. d4 Bg7 5. Bd3 O-O 6. O-O b6 7. Qe2 c5 8. c3 a5
9. Bd2 Ba6 10. Bxa6 Nxa6 11. Be1 Ne4 12. Nbd2 Nxd2 13. Nxd2 f5 14. Nf3 Qd6 15.
Rd1 c4 16. Ne5 b5 17. Rf3 Qe6 18. Rh3 Bxe5 19. fxe5 Kg7 20. Bd2 h5 21. Rf1 Rh8
22. Be1 Nc7 23. Bh4 b4 24. Rg3 bxc3 25. bxc3 Rab8 26. Qc2 Kf7 27. Rgf3 Rb6 28.
h3 Rb5 29. Qf2 Ke8 30. g4 hxg4 31. hxg4 Rf8 32. gxf5 gxf5 33. Rxf5 Qg6+ 34. Qg2
Qxg2+ 35. Kxg2 Rxf5 36. Rxf5 a4 37. Rh5 Rb2+ 38. Kf3 Rxa2 39. Rh7 Rh2 40. e6
Nxe6 41. Rxe7+ Kf8 42. Rxe6 Rxh4 43. Rd6 Rh5 44. Kg4 Rh2 45. Rxd5 Rc2 46. Ra5
Rxc3 47. Kf4 a3 48. Ra4 Ke7 49. e4 Kd6 50. Ra6+ Kc7 51. d5 Kb7 52. Ra4 Kb6 53.
e5 Kb5 54. e6 Kxa4 55. e7 a2 56. e8=Q+ Ka3 57. Qe1 Kb2 58. Qd2+ Kb3 59. Qd1+
Kb2 60. Qd2+ Kb3 61. Qd1+ Kb2 1/2-1/2

[Event "Barbera op "]
[Site "?"]
[Date "2012.07.08"]
[Round "5"]
[White "Thakur, A."]
[Black "Hernandez Moya, Y."]
[Result "1-0"]
[WhiteElo "2280"]
[BlackElo "2177"]
[PlyCount "85"]
[EventDate "2012.??.??"]
[EventType "swiss"]
[EventRounds "9"]

1. d4 e6 2. Nf3 Nf6 3. Bf4 d5 4. e3 Bd6 5. Nbd2 Bxf4 6. exf4 O-O 7. Bd3 b6 8.
Qe2 c5 9. c3 Qd6 10. g3 Nc6 11. O-O cxd4 12. Nxd4 Nxd4 13. cxd4 Bb7 14. a3 Rac8
15. Nf3 Rc7 16. Rac1 Rfc8 17. Rxc7 Rxc7 18. Ne5 Qd8 19. f5 exf5 20. Bxf5 Bc8
21. Bd3 Bh3 22. Re1 Qc8 23. Qe3 Bf5 24. Bxf5 Qxf5 25. Nc6 Qd7 26. Nb4 h6 27.
Kg2 a5 28. Nd3 Qf5 29. Qe5 Qd7 30. Re2 Rc8 31. Qf4 Qb5 32. Qf5 Rc7 33. Nf4 Rc1
34. h4 Qc6 35. g4 Ra1 36. Rc2 Qb5 37. Rc8+ Ne8 38. Qe5 Kf8 39. Qd6+ Kg8 40. Qe7
Qf1+ 41. Kg3 Qg1+ 42. Ng2 Kh7 43. Qxe8 1-0

[Event "Barbera op "]
[Site "?"]
[Date "2012.07.08"]
[Round "5"]
[White "Uribe Arteaga, D."]
[Black "Dave, D."]
[Result "1-0"]
[WhiteElo "2272"]
[BlackElo "2170"]
[PlyCount "69"]
[EventDate "2012.??.??"]
[EventType "swiss"]
[EventRounds "9"]

1. Nf3 d5 2. d4 Nf6 3. e3 Bf5 4. Be2 e6 5. O-O Nbd7 6. a3 Bd6 7. Nbd2 O-O 8. b3
c6 9. Bb2 Re8 10. Ne5 Ne4 11. Ndf3 f6 12. Nxd7 Qxd7 13. c4 Bc7 14. b4 Bg4 15.
Qc2 Bxf3 16. Bxf3 f5 17. g3 Re7 18. a4 a5 19. b5 cxb5 20. axb5 dxc4 21. Bxe4
fxe4 22. Qxc4 Qd5 23. Rfc1 Bd6 24. Ba3 Bxa3 25. Rxa3 b6 26. Qxd5 exd5 27. Rc6
Rd7 28. Rxb6 Kf7 29. Ra6 Rxa6 30. bxa6 Ke6 31. Rxa5 Ra7 32. Kg2 Kd6 33. f3
exf3+ 34. Kxf3 Ra8 35. a7 1-0

[Event "Barbera op "]
[Site "?"]
[Date "2012.07.08"]
[Round "5"]
[White "Van Riemsdijk, HC."]
[Black "Segarra Calderer, A."]
[Result "1-0"]
[WhiteElo "2397"]
[BlackElo "2058"]
[PlyCount "71"]
[EventDate "2012.??.??"]
[EventType "swiss"]
[EventRounds "9"]

1. e4 e6 2. d4 d5 3. Nc3 Nf6 4. Bg5 dxe4 5. Nxe4 Be7 6. Bxf6 gxf6 7. Nf3 a6 8.
Qe2 f5 9. Ned2 Bf6 10. O-O-O O-O 11. g4 fxg4 12. Rg1 Kh8 13. Qe4 Bg7 14. Qxg4
Qf6 15. Bd3 Qh6 16. Qg3 c5 17. dxc5 Nc6 18. c3 f5 19. Qc7 Qf6 20. Nc4 e5 21.
Ng5 h6 22. Nb6 hxg5 23. Nxa8 Be6 24. Qxb7 Bxa2 25. Qxa6 Bb3 26. Bc2 Bxc2 27.
Rd6 Be4 28. Rxf6 Bxf6 29. Nb6 g4 30. b3 Rd8 31. Nc4 Bg5+ 32. Kb2 Ne7 33. Nd6
Ra8 34. Qe2 Nd5 35. Nxe4 fxe4 36. Qxg4 1-0

[Event "Barbera op "]
[Site "?"]
[Date "2012.07.09"]
[Round "6"]
[White "Alarcon Casellas, R."]
[Black "Fenollar Jorda, M."]
[Result "1-0"]
[WhiteElo "2436"]
[BlackElo "2354"]
[PlyCount "63"]
[EventDate "2012.??.??"]
[EventType "swiss"]
[EventRounds "9"]

1. d4 d5 2. Bg5 Nd7 3. c3 Ngf6 4. Nd2 e6 5. Ngf3 Be7 6. e3 c5 7. Bd3 O-O 8. Qe2
b6 9. O-O-O c4 10. Bc2 b5 11. e4 Nb6 12. e5 Nfd7 13. h4 a5 14. Bxe7 Qxe7 15.
Bxh7+ Kxh7 16. Ng5+ Kh6 17. Qe3 f6 18. exf6 gxf6 19. Nxe6+ Kg6 20. Rde1 Qf7 21.
Nf3 Rg8 22. Qf4 Rf8 23. h5+ Kh7 24. Nfg5+ fxg5 25. Nxg5+ Kg8 26. Nxf7 Rxf7 27.
Qg5+ Rg7 28. Qd8+ Kh7 29. Re8 Rf7 30. Rh8+ Kg7 31. Qg8+ Kf6 32. Qg6+ 1-0

[Event "Barbera op "]
[Site "?"]
[Date "2012.07.09"]
[Round "6"]
[White "Aloma Vidal, R."]
[Black "Perez Mañas, B."]
[Result "1-0"]
[WhiteElo "2400"]
[BlackElo "2250"]
[PlyCount "63"]
[EventDate "2012.??.??"]
[EventType "swiss"]
[EventRounds "9"]

1. d4 Nf6 2. Nf3 e6 3. e3 c5 4. Bd3 Nc6 5. O-O Be7 6. b3 O-O 7. Bb2 b6 8. c4 d5
9. Nc3 Bb7 10. Rc1 cxd4 11. exd4 Rc8 12. Qe2 Re8 13. Nd1 Ba6 14. Ne3 Bf8 15.
Rfd1 g6 16. Ne5 Bg7 17. Qf3 Nxe5 18. dxe5 Nd7 19. Qg3 Qe7 20. h4 h5 21. f4 Nc5
22. Bc2 dxc4 23. bxc4 Red8 24. f5 gxf5 25. Bxf5 Rxd1+ 26. Rxd1 Rd8 27. Rd6 Nb7
28. Be4 Nxd6 29. exd6 Qf8 30. Bf6 Kh8 31. Qg5 Bxf6 32. Qxh5+ 1-0

[Event "Barbera op "]
[Site "?"]
[Date "2012.07.09"]
[Round "6"]
[White "Amores Gago, J."]
[Black "Dave, D."]
[Result "0-1"]
[WhiteElo "2135"]
[BlackElo "2170"]
[PlyCount "99"]
[EventDate "2012.??.??"]
[EventType "swiss"]
[EventRounds "9"]

1. e4 e6 2. d4 d5 3. exd5 exd5 4. c4 Nf6 5. Nc3 c6 6. Nf3 Be7 7. Be2 dxc4 8.
Bxc4 O-O 9. h3 Nbd7 10. O-O Nb6 11. Bb3 Nbd5 12. Qd3 Re8 13. Re1 Be6 14. Rxe6
fxe6 15. Bd2 Nd7 16. Re1 Nf8 17. Ne5 Qc7 18. Ne4 Bd6 19. Nc4 Bb4 20. Bxb4 Nxb4
21. Qf3 Rad8 22. a3 Nd5 23. Ne5 Re7 24. Qg3 Nd7 25. Bxd5 Nxe5 26. Bxe6+ Rxe6
27. dxe5 Qxe5 28. Qh4 Rf8 29. f3 Qxb2 30. a4 Qd4+ 31. Kh1 c5 32. Rc1 b6 33. a5
Kh8 34. Qh5 Rh6 35. Qg5 Rg6 36. Qe7 Rg8 37. Qxa7 Qb2 38. Rg1 Qa3 39. axb6 Qxa7
40. bxa7 c4 41. Ra1 Ra8 42. Kg1 Rc6 43. Nc3 Rc7 44. Ra4 Raxa7 45. Rxa7 Rxa7 46.
Kf2 Ra3 47. Ne2 Rd3 48. Nf4 Rd6 49. Ke3 Kg8 50. Ne2 0-1

[Event "Barbera op "]
[Site "?"]
[Date "2012.07.09"]
[Round "6"]
[White "Anurag, M."]
[Black "Ruiz Sanchez, O."]
[Result "0-1"]
[WhiteElo "2301"]
[BlackElo "2416"]
[PlyCount "54"]
[EventDate "2012.??.??"]
[EventType "swiss"]
[EventRounds "9"]

1. e4 c5 2. Ne2 Nc6 3. d3 g6 4. g3 Bg7 5. Bg2 e5 6. O-O Nge7 7. f4 d6 8. Nd2
O-O 9. Nf3 f5 10. c3 h6 11. Be3 b6 12. Qb3+ Kh7 13. Rad1 Ba6 14. Qa4 Qc8 15.
Nh4 fxe4 16. fxe5 Rxf1+ 17. Rxf1 d5 18. Nf4 Nxe5 19. c4 d4 20. Bh3 Qb7 21. Bg2
b5 22. cxb5 Bxb5 23. Qb3 Bc6 24. Qe6 dxe3 25. Nfxg6 N7xg6 26. Nxg6 Nxg6 27. Rf7
Qxf7 0-1

[Event "Barbera op "]
[Site "?"]
[Date "2012.07.09"]
[Round "6"]
[White "Aprea, D."]
[Black "Libiszewski, F."]
[Result "0-1"]
[WhiteElo "1942"]
[BlackElo "2505"]
[PlyCount "64"]
[EventDate "2012.??.??"]
[EventType "swiss"]
[EventRounds "9"]

1. d4 Nf6 2. Nf3 d6 3. Bf4 Nh5 4. Bc1 f5 5. Nc3 Nf6 6. Bg5 d5 7. Bxf6 exf6 8.
e3 c6 9. Bd3 Bd6 10. g3 Qb6 11. a3 Be6 12. Nh4 g6 13. Ng2 Nd7 14. Nf4 Bf7 15.
h4 O-O-O 16. b4 Rde8 17. Kd2 Qc7 18. Nfe2 Nb6 19. Qb1 Kb8 20. Qb3 Nc4+ 21. Bxc4
dxc4 22. Qb2 g5 23. a4 f4 24. gxf4 gxf4 25. a5 fxe3+ 26. fxe3 Qe7 27. e4 Bg6
28. e5 fxe5 29. d5 cxd5 30. Nxd5 Qf7 31. Ne3 Rd8 32. Ke1 Qf3 0-1

[Event "Barbera op "]
[Site "?"]
[Date "2012.07.09"]
[Round "6"]
[White "Aranaz Portugues, JC."]
[Black "Chakravarthi, YVK."]
[Result "1-0"]
[WhiteElo "2189"]
[BlackElo "2053"]
[PlyCount "64"]
[EventDate "2012.??.??"]
[EventType "swiss"]
[EventRounds "9"]

1. d4 d5 2. Nf3 c6 3. e3 Nf6 4. Bd3 Bg4 5. c3 Nbd7 6. Qb3 Qc7 7. Nbd2 a6 8. O-O
c5 9. Qc2 e5 10. e4 Bxf3 11. Nxf3 c4 12. Be2 Nxe4 13. dxe5 Nxe5 14. Nxe5 Qxe5
15. g3 Bc5 16. Bf4 Qe6 17. Rae1 f5 18. Kg2 O-O 19. f3 Nf6 20. Bxc4 Qc6 21. Bb3
Nh5 22. Bg5 Kh8 23. Be7 Bxe7 24. Rxe7 Qg6 25. Rfe1 Rad8 26. Qe2 f4 27. Re6 Qf7
28. Re7 Qg6 29. Bc2 Qb6 30. Re6 Qb5 31. a4 Qxb2 32. Qd3 g6 1-0

[Event "Barbera op "]
[Site "?"]
[Date "2012.07.09"]
[Round "6"]
[White "Arjun, B."]
[Black "Diaz Camallonga, C."]
[Result "1-0"]
[WhiteElo "2250"]
[BlackElo "2144"]
[PlyCount "109"]
[EventDate "2012.??.??"]
[EventType "swiss"]
[EventRounds "9"]

1. Nf3 Nf6 2. c4 g6 3. Nc3 d5 4. cxd5 Nxd5 5. Qa4+ c6 6. Nxd5 Qxd5 7. e4 Qd8 8.
d4 Bg7 9. Be3 O-O 10. Be2 Bg4 11. O-O Nd7 12. Rfd1 Qc7 13. Rac1 Rac8 14. Qb3
Nf6 15. h3 Bxf3 16. Bxf3 Rfd8 17. d5 Qb8 18. dxc6 Rxd1+ 19. Rxd1 bxc6 20. Qxb8
Rxb8 21. b3 a6 22. e5 Ne8 23. Rd7 e6 24. Ra7 Bxe5 25. Rxa6 Rd8 26. Rxc6 Nf6 27.
g3 Nd5 28. Bc5 Nc3 29. a4 Rd3 30. Kg2 Na2 31. a5 Rxb3 32. a6 Bb8 33. Rc8+ Kg7
34. Rxb8 Rxb8 35. a7 Rd8 36. a8=Q Rxa8 37. Bxa8 f6 38. Bc6 Nc1 39. Bb5 Nb3 40.
Bb6 e5 41. Bc4 Nd2 42. Bd5 Nb1 43. Bc5 Nc3 44. Bc6 Ne2 45. f3 Nc1 46. Bd5 Nd3
47. Ba3 f5 48. Kf1 Kf6 49. Ke2 Nf4+ 50. gxf4 exf4 51. h4 Kg7 52. Bc1 Kh6 53.
Bxf4+ Kh5 54. Bg5 h6 55. f4 1-0

[Event "Barbera op "]
[Site "?"]
[Date "2012.07.09"]
[Round "6"]
[White "Bas Mas, JJ."]
[Black "Shatko, D."]
[Result "0-1"]
[WhiteElo "2214"]
[BlackElo "2143"]
[PlyCount "72"]
[EventDate "2012.??.??"]
[EventType "swiss"]
[EventRounds "9"]

1. e4 e6 2. d4 d5 3. Nd2 Nf6 4. e5 Nfd7 5. Bd3 c5 6. c3 Nc6 7. Ne2 cxd4 8. cxd4
f6 9. exf6 Nxf6 10. Nf3 Bd6 11. O-O Qc7 12. Bg5 O-O 13. Nc3 a6 14. Rc1 h6 15.
Bh4 Nh5 16. Re1 g5 17. Bg3 Nxg3 18. hxg3 Qg7 19. Bb1 g4 20. Ne5 Bxe5 21. dxe5
Nxe5 22. Nxd5 exd5 23. Qxd5+ Nf7 24. Rc7 Qxb2 25. a3 Qb6 26. Bh7+ Kg7 27. Ree7
Be6 28. Qe4 Ba2 29. Bf5 Rad8 30. Qxg4+ Kh8 31. Qh5 Rd2 32. Kh2 Qf6 33. f4 Bd5
34. Bg6 Rxg2+ 35. Kh3 Ng5+ 36. fxg5 Rh2+ 0-1

[Event "Barbera op "]
[Site "?"]
[Date "2012.07.09"]
[Round "6"]
[White "Bergez, L."]
[Black "Sos Andreu, E."]
[Result "1-0"]
[WhiteElo "2420"]
[BlackElo "2185"]
[PlyCount "41"]
[EventDate "2012.??.??"]
[EventType "swiss"]
[EventRounds "9"]

1. e4 e6 2. g3 d5 3. Bg2 Nf6 4. e5 Nfd7 5. d4 c5 6. c3 Qb6 7. Ne2 Be7 8. O-O
O-O 9. a3 a5 10. a4 f6 11. exf6 Nxf6 12. Na3 Bd7 13. Nf4 Ne4 14. c4 cxd4 15.
cxd5 Nf6 16. Nc4 Qc5 17. b3 Re8 18. Bb2 exd5 19. Bxd4 Qb4 20. Nd3 Bg4 21. f3
1-0

[Event "Barbera op "]
[Site "?"]
[Date "2012.07.09"]
[Round "6"]
[White "Cordova Daza, E."]
[Black "Gomez Ledo, RC."]
[Result "1-0"]
[WhiteElo "2584"]
[BlackElo "2428"]
[PlyCount "63"]
[EventDate "2012.??.??"]
[EventType "swiss"]
[EventRounds "9"]

1. d4 d6 2. g3 e5 3. c3 Be7 4. Bg2 Nf6 5. e4 Nbd7 6. Ne2 c6 7. O-O Qc7 8. f4 b6
9. b3 Bb7 10. h3 h5 11. Ba3 c5 12. Nd2 b5 13. Bb2 a6 14. a4 Rc8 15. axb5 axb5
16. dxe5 dxe5 17. c4 bxc4 18. Nxc4 Nxe4 19. Ra7 Ra8 20. Rxb7 Qxb7 21. fxe5 Rb8
22. Qc2 Qxb3 23. Qxe4 O-O 24. e6 f5 25. Rxf5 Rxf5 26. Qxf5 Rf8 27. Qxh5 Nf6 28.
Bxf6 Rxf6 29. Qe8+ Rf8 30. Qxe7 Qd1+ 31. Kh2 Qxe2 32. Qxc5 1-0

[Event "Barbera op "]
[Site "?"]
[Date "2012.07.09"]
[Round "6"]
[White "Escobar Forero, A."]
[Black "Palit, S."]
[Result "0-1"]
[WhiteElo "2487"]
[BlackElo "2393"]
[PlyCount "88"]
[EventDate "2012.??.??"]
[EventType "swiss"]
[EventRounds "9"]

1. e4 c5 2. Nf3 a6 3. Nc3 b5 4. d4 cxd4 5. Nxd4 Bb7 6. Bg5 h6 7. Bh4 Nc6 8. a4
b4 9. Nd5 Nf6 10. Bxf6 gxf6 11. Nxc6 Bxc6 12. Qd4 Bxd5 13. exd5 e5 14. Qg4 Bc5
15. Bd3 Qb6 16. O-O Ke7 17. Kh1 h5 18. Qe2 a5 19. Rad1 Rag8 20. f4 d6 21. c3 h4
22. Bf5 Rb8 23. Rd3 bxc3 24. bxc3 Qb2 25. Qe4 Qa2 26. fxe5 dxe5 27. d6+ Kf8 28.
Rdd1 Rb6 29. Qa8+ Kg7 30. Qf3 Rxd6 31. Bh3 Rh6 32. Rxd6 Bxd6 33. Qg4+ Rg6 34.
Qe4 Qd2 35. Bf5 Rg5 36. Qf3 Bc5 37. Bd3 Be7 38. Be4 Qf4 39. Qxf4 exf4 40. Rxf4
Rc5 41. Rg4+ Kf8 42. Rxh4 f5 43. Rh8+ Kg7 44. Re8 Re5 0-1

[Event "Barbera op "]
[Site "?"]
[Date "2012.07.09"]
[Round "6"]
[White "Fernandez Cardoso, A."]
[Black "Narciso Dublan, M."]
[Result "1-0"]
[WhiteElo "2427"]
[BlackElo "2539"]
[PlyCount "123"]
[EventDate "2012.??.??"]
[EventType "swiss"]
[EventRounds "9"]

1. e4 e5 2. Nf3 Nc6 3. Bb5 a6 4. Ba4 Nf6 5. O-O Nxe4 6. d4 b5 7. Bb3 d5 8. dxe5
Be6 9. Nbd2 Nc5 10. c3 Bg4 11. Bc2 Ne6 12. Re1 Bc5 13. Nf1 Ne7 14. Ng3 c6 15.
h3 Bxf3 16. Qxf3 O-O 17. h4 f5 18. b4 Bb6 19. a4 bxa4 20. Rxa4 f4 21. Nh5 Ng6
22. Bxg6 Qxh4 23. Nf6+ gxf6 24. Bf5 Ng5 25. Qxf4 Qxf4 26. Bxf4 fxe5 27. Rxe5
Bc7 28. Bd7 Bxe5 29. Bxe5 Nf7 30. Bd4 Nd8 31. g3 Rf7 32. Bh3 Re7 33. Bf1 Ne6
34. Bb6 Nc7 35. Kg2 Kf7 36. Be3 Ke8 37. Ra1 Kd7 38. Bd3 Nb5 39. Bg5 Rf7 40. Bd2
Kc8 41. Rh1 Raa7 42. Rh6 Rad7 43. Rxc6+ Kb7 44. Rh6 Nd6 45. Be3 Nc4 46. Bd4 Rc7
47. g4 a5 48. bxa5 Nxa5 49. Rb6+ Kc8 50. Rd6 Nb7 51. Rxd5 Rc6 52. Rh5 h6 53.
Be4 Ra6 54. Be3 Rc7 55. Bf5+ Kd8 56. Bxh6 Rxc3 57. Bg5+ Kc7 58. Rh7+ Kb8 59.
Bf4+ Nd6 60. Rd7 Rcc6 61. g5 Ka8 62. Be6 1-0

[Event "Barbera op "]
[Site "?"]
[Date "2012.07.09"]
[Round "6"]
[White "Gonzalez Garcia, J."]
[Black "Colon Garcia, E."]
[Result "1-0"]
[WhiteElo "2518"]
[BlackElo "2365"]
[PlyCount "63"]
[EventDate "2012.??.??"]
[EventType "swiss"]
[EventRounds "9"]

1. d4 Nf6 2. c4 e6 3. Nc3 Bb4 4. e3 O-O 5. Bd3 b6 6. Nf3 Bb7 7. O-O c5 8. Na4
cxd4 9. exd4 Re8 10. a3 Bf8 11. Nc3 d6 12. Re1 Nbd7 13. Bg5 Rc8 14. Rc1 a6 15.
Nd2 h6 16. Bh4 Rc7 17. Nf1 Qa8 18. Ne3 g6 19. h3 Nh5 20. d5 e5 21. Ne4 b5 22.
Be2 Nf4 23. Bg4 Nc5 24. Nf6+ Kh8 25. Nxe8 Qxe8 26. Bf6+ Kg8 27. cxb5 axb5 28.
b4 Na6 29. Qd2 Qa8 30. Bf3 Rd7 31. Bg4 Rc7 32. Rcd1 1-0

[Event "Barbera op "]
[Site "?"]
[Date "2012.07.09"]
[Round "6"]
[White "Hernandez Carmenates, H."]
[Black "Bulmaga, I."]
[Result "1-0"]
[WhiteElo "2569"]
[BlackElo "2371"]
[PlyCount "85"]
[EventDate "2012.??.??"]
[EventType "swiss"]
[EventRounds "9"]

1. d4 Nf6 2. c4 e6 3. Nf3 d5 4. Nc3 Be7 5. Bg5 h6 6. Bh4 O-O 7. e3 b6 8. Bxf6
Bxf6 9. cxd5 exd5 10. Be2 Be6 11. O-O c5 12. Qa4 Nd7 13. Bb5 cxd4 14. exd4 Nb8
15. Ne5 a6 16. f4 Ra7 17. Rae1 Rc7 18. Bd3 b5 19. Qd1 b4 20. Ne2 Bd7 21. Qb3
Bb5 22. Bxb5 axb5 23. Qxb4 Rb7 24. Nc3 Na6 25. Qb3 Nc7 26. a4 b4 27. Ne2 Ne6
28. Kh1 Bxe5 29. dxe5 Nc5 30. Qg3 d4 31. f5 d3 32. f6 g6 33. Nf4 Kh7 34. e6 d2
35. e7 dxe1=Q 36. Rxe1 Qc8 37. Nxg6 fxg6 38. Qd6 Rh8 39. f7 Rxe7 40. f8=N+ Kg8
41. Rxe7 Qf5 42. h3 Nd3 43. Nxg6 1-0

[Event "Barbera op "]
[Site "?"]
[Date "2012.07.09"]
[Round "6"]
[White "Hernandez Moya, Y."]
[Black "Medina de Baets, VJ."]
[Result "1/2-1/2"]
[WhiteElo "2177"]
[BlackElo "1978"]
[PlyCount "60"]
[EventDate "2012.??.??"]
[EventType "swiss"]
[EventRounds "9"]

1. e4 d6 2. d4 g6 3. f4 Nf6 4. Nc3 Bg7 5. Nf3 O-O 6. Be3 d5 7. exd5 Nxd5 8.
Nxd5 Qxd5 9. Qd2 Bf5 10. Bd3 Bxd3 11. Qxd3 Nc6 12. a3 e6 13. O-O Rad8 14. c4
Qh5 15. Rad1 Ne7 16. Qe4 Nf5 17. Bf2 Nd6 18. Qe2 Qg4 19. c5 Nc8 20. Qe4 c6 21.
Rd3 Rd7 22. Rfd1 Rdd8 23. Re1 Rd5 24. Red1 Rd7 25. Kh1 Rfd8 26. Kg1 Rf8 27. Rb3
Rfd8 28. Rbd3 Rf8 29. R1d2 Rfd8 30. Rd1 Rf8 1/2-1/2